LEADER 01039nam a22002411i 4500 001 991000160129707536 005 20040727090546.0 008 040802s1979 fr |||||||||||||||||fre 035 $ab13184325-39ule_inst 035 $aARCHE-113693$9ExL 040 $aBiblioteca Interfacoltà$bita$cA.t.i. Arché s.c.r.l. Pandora Sicilia s.r.l. 082 04$a133 245 00$aEnjeux de l'occultisme :$bLa psychographe, L'anakiâtre et le kaloprosope, La balance d'hermès, Le corps astral, Le médiateur plastique, Kant et Swedenborg, Freud et Eliphas Lévi 260 $aLille :$bUniversité Charles-de-Gaulle Lille III,$c1979 300 $a1 v. ;$c24 cm 440 0$aRevue des sciences humaines ;$v176 650 4$aOccultismo 907 $a.b13184325$b02-04-14$c05-08-04 912 $a991000160129707536 945 $aLE002 SP 001/176$g1$i2002000375629$lle002$nC. 1$o-$pE0.00$q-$rl$s- $t0$u0$v0$w0$x0$y.i13825641$z05-08-04 996 $aEnjeux de l'occultisme$91101837 997 $aUNISALENTO 998 $ale002$b05-08-04$cm$da $e-$ffre$gfr $h0$i1 LEADER 01314nam a2200349 i 4500 001 991000961889707536 005 20020507104447.0 008 980721s1995 uk ||| | eng 020 $a0521483182 035 $ab10154140-39ule_inst 035 $aLE00639821$9ExL 040 $aDip.to Fisica$bita 084 $a53.1.65 084 $a53.1.66 084 $a53.1.67 084 $a53.7.8 084 $a530.4'17 084 $aQC173.4.S94B37 100 1 $aBarabasi, Albert-Laszlo$0348243 245 10$aFractal concepts in surface growth /$cAlbert-Laszlo Barabasi, H. Eugene Stanley 260 $aCambridge :$bCambridge University Press,$c1995 300 $axx, 366 p. ;$c25 cm. 500 $aIncludes bibliographical references and index. 650 4$aCrystals-Growth 700 1 $aStanley, H. Eugene$eauthor$4http://id.loc.gov/vocabulary/relators/aut$094081 907 $a.b10154140$b21-09-06$c27-06-02 912 $a991000961889707536 945 $aLE006 53.1.67 BAR$g1$i2006000069915$lle006$o-$pE0.00$q-$rl$s- $t0$u2$v7$w2$x0$y.i10186438$z27-06-02 945 $aLE006 53.1.67 BAR$g2$i2006000071833$lle006$o-$pE0.00$q-$rl$s- $t0$u2$v0$w2$x0$y.i1018644x$z27-06-02 996 $aFractal concepts in surface growth$9880483 997 $aUNISALENTO 998 $ale006$b01-01-98$cm$da $e-$feng$guk $h0$i2